| 000 | 01042cam a22003017a 4500 | ||
|---|---|---|---|
| 003 | CHAP | ||
| 005 | 20220329142915.0 | ||
| 008 | 050131d2001 mx a r 00110 spa d | ||
| 010 | _a89483 | ||
| 011 | _a90455 | ||
| 020 | _a9688440493 | ||
| 035 | _a101011 | ||
| 040 | _cCHAP | ||
| 082 | 0 | 4 |
_a517.36 _bL5 |
| 100 | 0 | 0 |
_aLeiva Sánchez, Víctor. _965919 |
| 245 | 1 | 0 |
_aDistribuciones elípticas multivariadas singulares y no singulares : _bteoría y aplicaciones _c/por Víctor Leiva Sánchez |
| 260 |
_aSaltillo, Coah. : _bUniversidad Autónoma Agraria Antonio Narro. Departamento de Estadística y Cálculo, _c2001. |
||
| 300 |
_a141 p. : _bilus. |
||
| 590 |
_aBATCH-UPD _b10 _c20130110 _lUCH01 _h0654 |
||
| 590 |
_aBATCH-UPD _b10 _c20130410 _lUCH01 _h0339 |
||
| 590 |
_aBATCH-UPD _b10 _c20130914 _lUCH01 _h1450 |
||
| 590 |
_aCONVERSION _b10 _c20130109 _lUCH01 _h1350 |
||
| 650 | 1 | 4 |
_aFunciones elípticas. _943961 |
| 901 | _aBK | ||
| 905 | _aLilia | ||
| 942 | _cLIBRO | ||
| 949 |
_a517.36 L5 _bBC _cLIBRO _d33724000934147 _eLIBRO _h104893 _i101011 _sb |
||
| 999 |
_c89483 _d89483 |
||